000 00317 a2200109 4500
001 ART_34378
005 20260410161708.0
008 260409a
245 1 0 _aConsulta vinculante. Nueva reglamentación
100 1 _aDreiling, Paola E.
773 0 _tRevista Impuestos
_g- Nº 21 (nov. 2005)
_wREV639
999 _c15827
_d15827